Element to Pokemon - Statistics

General Stats
  • This quiz has been taken 8 times
  • The average score is 5 of 20
Answer Stats
Element Pokemon % Correct
Hydrogen Bulbasaur
100%
Carbon Charizard
100%
Chromium Arbok
33%
Flurorine Blastoise
33%
Zinc Nidorina
33%
Aluminium Weedle
33%
Krypton Clefable
17%
Nobelium Exeggcute
17%
Uranium Gastly
17%
Molybdenum Golbat
17%
Seaborgium Hitmonlee
17%
Tellurium Meowth
17%
Neodymium Poliwag
17%
Platinum Rapidash
17%
Thorium Shellder
17%
Flerovium Tangela
17%
Lutetium Victreebel
17%
Rubidium Vulpix
17%
Francium Dewgong
0%
Palladium Paras
0%
No matching quizzes found
Score Distribution
Percent of People with Each Score
Percentile by Number Answered
Your Score History
You have not taken this quiz